LEADER 01040nam a22002531i 4500 001 991001358019707536 005 20031104162435.0 008 040407s1969 uika||||||||||||||||eng 035 $ab1275805x-39ule_inst 035 $aARCHE-073768$9ExL 040 $aDip.to Scienze Storiche$bita$cA.t.i. Arché s.c.r.l. Pandora Sicilia s.r.l. 082 04$a759.5 100 1 $aPanofsky, Erwin$010910 245 10$aProblems in Titian mostly iconographic /$cErwin Panofsky 260 $aLondon :$bPhaidon,$cc1969 300 $aXV, 208 p., [67] c. di tav. :$bill. ;$c28 cm 440 4$aThe Wrightsman lectures / delivered under the auspices of the New York University Institute of Fine Arts 650 4$aTiziano Vecellio 907 $a.b1275805x$b02-04-14$c16-04-04 912 $a991001358019707536 945 $aLE009 LA II D 31$g1$i2009000225626$lle009$o-$pE0.00$q-$rn$so $t0$u0$v0$w0$x0$y.i13297624$z16-04-04 996 $aProblems in Titian mostly iconographic$9267162 997 $aUNISALENTO 998 $ale009$b16-04-04$cm$da $e-$feng$guik$h0$i1